Serie A 2024/2025 - Estadísticas

Estadísticas generales
  • Esta prueba ha sido intentada 129 veces
  • La puntuación promedio es 15 de 20
Estadísticas de respuestas
Hint Respuesta % Correcto
#2 Inter de Milan
100%
#7 Milan
100%
#1 Napoli
98%
#10 Roma
98%
#5 Juventus
97%
#4 Lazio
89%
#6 Fiorentina
87%
#3 Atalanta
82%
#16 Como
72%
#12 Torino
71%
#19 Venezia
71%
#17 Hellas Verona
69%
#18 Cagliari
68%
#9 Udinese
68%
#8 Bolonia
67%
#15 Parma
60%
#20 Monza
57%
#11 Genoa
55%
#13 Lecce
55%
#14 Empoli
53%
No se encontraron pruebas coincidentes
Distribución de puntuación
Porcentaje de gente con cada puntuación
Porcentaje por número respondido
Historial de tus puntuaciones
No has intentado esta prueba.